Đô thị trong thế giới toàn cầu hóa : Quản trị nhà nước, thành tích hoạt động và tính bền vững

שמור ב:
מידע ביבליוגרפי
פורמט: ספר
שפה:Undetermined
יצא לאור: Hà Nội Chính trị quốc gia 2006
נושאים:
תגים: הוספת תג
אין תגיות, היה/י הראשונ/ה לתייג את הרשומה!
Thư viện lưu trữ: Trung tâm Học liệu Trường Đại học Cần Thơ
LEADER 00636nam a2200181Ia 4500
001 CTU_117357
008 210402s9999 xx 000 0 und d
082 |a 307.76 
082 |b Đ450 
245 0 |a Đô thị trong thế giới toàn cầu hóa : 
245 0 |b Quản trị nhà nước, thành tích hoạt động và tính bền vững 
245 0 |c Edited by Frannie A. Léautier 
260 |a Hà Nội 
260 |b Chính trị quốc gia 
260 |c 2006 
650 |a Urban policy,Urban poor,Municipal government 
904 |i Vuong 
980 |a Trung tâm Học liệu Trường Đại học Cần Thơ